00475nam a2200121Ia 4500008004100000024004800041082001800089100005600107245009900163260002600262600003200288650003300320260210s9999 xx 000 0 und d a00A-026-CS, 00A-014-Cs & 99A-083-CS a004.68072 NAW aJawed nawaz, Mirza Adnan Baig & Riaz Ahmed Khan 0aImplementation of VPN Using Cisco Router 3000 Series and Micro controller as External Hardware aKarachi:bUITU,c2000 aComputer System Engineering aBachelor of Engineering (BE)